<?xml version='1.0' encoding='UTF-8'?>
  <record xmlns="http://www.loc.gov/MARC21/slim">
    <leader>00000cam a22000007i 4500</leader>
    <controlfield tag="001">ocn902598879</controlfield>
    <controlfield tag="003">OCoLC</controlfield>
    <controlfield tag="005">20251111102824.7</controlfield>
    <controlfield tag="008">150130s1563    gw            000 0 ger d</controlfield>
    <datafield tag="040" ind1=" " ind2=" ">
      <subfield code="a">NLGGC</subfield>
      <subfield code="b">eng</subfield>
      <subfield code="e">rda</subfield>
      <subfield code="e">dcrmr</subfield>
      <subfield code="c">NLGGC</subfield>
      <subfield code="d">QGJ</subfield>
      <subfield code="d">OCLCA</subfield>
      <subfield code="d">QGJ</subfield>
      <subfield code="d">OCLCO</subfield>
      <subfield code="d">OCLCA</subfield>
      <subfield code="d">OCLCL</subfield>
      <subfield code="d">QGJ</subfield>
      <subfield code="d">OCLCQ</subfield>
      <subfield code="d">QGJ</subfield>
    </datafield>
    <datafield tag="029" ind1="0" ind2=" ">
      <subfield code="a">NLGGC</subfield>
      <subfield code="b">388955538</subfield>
    </datafield>
    <datafield tag="035" ind1=" " ind2=" ">
      <subfield code="a">(OCoLC)902598879</subfield>
    </datafield>
    <datafield tag="041" ind1="0" ind2=" ">
      <subfield code="a">ger</subfield>
      <subfield code="a">lat</subfield>
    </datafield>
    <datafield tag="100" ind1="1" ind2=" ">
      <subfield code="a">Luther, Martin,</subfield>
      <subfield code="d">1483-1546,</subfield>
      <subfield code="e">author.</subfield>
      <subfield code="4">aut</subfield>
      <subfield code="1">https://id.oclc.org/worldcat/entity/E39PBJcC3jTktTmxwtTMgxrQbd</subfield>
    </datafield>
    <datafield tag="245" ind1="1" ind2="0">
      <subfield code="a">Corpus Librorum D. Martini Lutheri, Sanctae memoriae, &amp; aliorum praecipuorum in Ecclesia Witebergensi, de uerbis Domini, hoc est corpus meum etc =</subfield>
      <subfield code="b">Das ist, Die Bücher D. Martini Luthers, Gottseliger Gedechtnis, Vnd anderer fürnemen Lehrer zu Wittemberg, vom rechten vnd waren Verstand der Wort es Hernn, das ist mein Leib etc. In ein theil zusamen getruckt. Zu dieser zeit, Da die newen</subfield>
    </datafield>
    <datafield tag="246" ind1="3" ind2=" ">
      <subfield code="a">Corpvs Librorum D. Martini Lutheri, Sanctae memoriae, &amp; aliorum praecipuorum in Ecclesia Witebergensi, de verbis Domini, hoc est corpvs mevm</subfield>
    </datafield>
    <datafield tag="246" ind1="3" ind2="1">
      <subfield code="a">Bücher D. Martini Luthers, Gottseliger Gedechtnis, Vnd anderer fürnemen Lehrer zu Wittemberg, vom rechten vnd waren Verstand der Wort es Hernn, das is mein Leib etc. in mein Leib</subfield>
    </datafield>
    <datafield tag="264" ind1=" " ind2="1">
      <subfield code="a">Gedruckt zu Vrsel, :</subfield>
      <subfield code="b">durch Nicolaum Henricum,</subfield>
      <subfield code="c">Anno 1563.</subfield>
    </datafield>
    <datafield tag="300" ind1=" " ind2=" ">
      <subfield code="a">[16], 668 pages ;</subfield>
      <subfield code="c">30 cm folio)</subfield>
    </datafield>
    <datafield tag="336" ind1=" " ind2=" ">
      <subfield code="a">text</subfield>
      <subfield code="b">txt</subfield>
      <subfield code="2">rdacontent</subfield>
    </datafield>
    <datafield tag="337" ind1=" " ind2=" ">
      <subfield code="a">unmediated</subfield>
      <subfield code="b">n</subfield>
      <subfield code="2">rdamedia</subfield>
    </datafield>
    <datafield tag="338" ind1=" " ind2=" ">
      <subfield code="a">volume</subfield>
      <subfield code="b">nc</subfield>
      <subfield code="2">rdacarrier</subfield>
    </datafield>
    <datafield tag="340" ind1=" " ind2=" ">
      <subfield code="m">folio</subfield>
      <subfield code="2">rdabf</subfield>
    </datafield>
    <datafield tag="500" ind1=" " ind2=" ">
      <subfield code="a">Compiler is Hatmann Beyer.</subfield>
    </datafield>
    <datafield tag="500" ind1=" " ind2=" ">
      <subfield code="a">Title page in red and black.</subfield>
    </datafield>
    <datafield tag="500" ind1=" " ind2=" ">
      <subfield code="a">Imprint: Gedruckt zu Ursel, durch Nicolaum Henricum, Anno 1563.</subfield>
    </datafield>
    <datafield tag="500" ind1=" " ind2=" ">
      <subfield code="a">Colophon: Gedruckt zu Ursel, durch Nicolaum Henricum, Anno Domini M.D.LXIII.</subfield>
    </datafield>
    <datafield tag="500" ind1=" " ind2=" ">
      <subfield code="a">Also on title page: "Zu dieser zeit, Da die newen Himlischen Propheten, die Caluinisten, sich vnterstehn Königreich, Fürstenthumb, Stedte etc. Vnruhig vnd jrr zumachen, Sehr nothwendig vnd nützlich zulesen."</subfield>
    </datafield>
    <datafield tag="500" ind1=" " ind2=" ">
      <subfield code="a">Signatures: )(⁸ A-Z⁶ a-z⁶ Aa-Kk⁶; )(8 and Kk6 are blank.</subfield>
    </datafield>
    <datafield tag="500" ind1=" " ind2=" ">
      <subfield code="a">With initials, a tail-piece and printed marginalia.</subfield>
    </datafield>
    <datafield tag="500" ind1=" " ind2=" ">
      <subfield code="a">Pagination errors: pages 375-376 misnumbered 378-379, page 433 misnumbered 444, page 444 misnumbered 433, page 448 misnumbered 454, page 663 misnumbered 653.</subfield>
    </datafield>
    <datafield tag="505" ind1="0" ind2="0">
      <subfield code="g">1.</subfield>
      <subfield code="t">Wider die himlischen Propheten, von den Bildern und Sacramenten etc. /</subfield>
      <subfield code="r">D. Martini Luthers.</subfield>
      <subfield code="g">2.</subfield>
      <subfield code="t">Das diese Wort Christi (Das ist mein Leib etc.) noch fest stehen, wider die Schwermgeister /</subfield>
      <subfield code="r">D. Mart. Luth.</subfield>
      <subfield code="g">3.</subfield>
      <subfield code="t">Ein Sermon von dem Sacrament des Leibs und Bluts Christi, wider die Schwermgeister /</subfield>
      <subfield code="r">D. Mart. Luth.</subfield>
      <subfield code="g">4.</subfield>
      <subfield code="t">Vom Abendmal Christi, die gros Bekentnis /</subfield>
      <subfield code="r">Mart. Luth.</subfield>
      <subfield code="g">5.</subfield>
      <subfield code="t">Schrifft D. Mart. Luth. an Landgraf Philips zu Hessen etc. Das er auff seiner F.G. begeren gen Marburg, mit den Sacramentirern unterrede zu haben, begeben wolle.</subfield>
      <subfield code="g">6.</subfield>
      <subfield code="t">Kurze Bekentnis D. Mart. Luth. vom H. Sacrament.</subfield>
      <subfield code="g">7.</subfield>
      <subfield code="t">Der Christlichen alten Lehrer Zeugnis, von der waren Gegenwertigkeit des Leibs und Bluts unsers Herrn Jesu Christi in seinem heiligen Abendmal /</subfield>
      <subfield code="r">durch Philippum Melanthonem lateinisch ... in Truck gegeben ; und durch Johannem Ulricum Struppen verdeutsch.</subfield>
      <subfield code="g">8.</subfield>
      <subfield code="t">Ein Sendbrieff D. Johannis Bugenhagii Pomerani an D. Johannem Hessum zu Preslaw.</subfield>
      <subfield code="g">9.</subfield>
      <subfield code="t">Vom heiligen Sacraments des Leibs und Bluts unsers Herrn Jesu Christi, Unterricht und Bekentnis D. Pauli Eberi.</subfield>
    </datafield>
    <datafield tag="510" ind1="4" ind2=" ">
      <subfield code="a">Verzeichnis der im deutschen Sprachbereich erschienenen Drucke des 16. Jahrhunderts (VD 16),</subfield>
      <subfield code="c">B 2487</subfield>
      <subfield code="u">https://gateway-bayern.de/VD16+B+2487</subfield>
    </datafield>
    <datafield tag="546" ind1=" " ind2=" ">
      <subfield code="a">In German, with some passages in Latin.</subfield>
    </datafield>
    <datafield tag="700" ind1="1" ind2=" ">
      <subfield code="a">Beyer, Hartmann,</subfield>
      <subfield code="d">1516-1577,</subfield>
      <subfield code="e">compiler,</subfield>
      <subfield code="e">writer of foreword.</subfield>
      <subfield code="4">com</subfield>
      <subfield code="4">wfw</subfield>
      <subfield code="1">https://id.oclc.org/worldcat/entity/E39PBJrRgyQgg9d8whYK3Pr8YP</subfield>
    </datafield>
    <datafield tag="700" ind1="1" ind2=" ">
      <subfield code="a">Melanchthon, Philip,</subfield>
      <subfield code="d">1497-1560,</subfield>
      <subfield code="e">author.</subfield>
      <subfield code="4">aut</subfield>
      <subfield code="1">https://id.oclc.org/worldcat/entity/E39PBJqQtH68krrpJcG6Tt8cT3</subfield>
    </datafield>
    <datafield tag="700" ind1="1" ind2=" ">
      <subfield code="a">Strüppe, Johannes Ulrich,</subfield>
      <subfield code="e">translator.</subfield>
      <subfield code="4">trl</subfield>
      <subfield code="1">https://id.oclc.org/worldcat/entity/E39PCjByvQ8YgkTfcq6vMrTbkC</subfield>
    </datafield>
    <datafield tag="700" ind1="1" ind2=" ">
      <subfield code="a">Bugenhagen, Johann,</subfield>
      <subfield code="d">1485-1558,</subfield>
      <subfield code="e">author.</subfield>
      <subfield code="4">aut</subfield>
      <subfield code="1">https://id.oclc.org/worldcat/entity/E39PBJjxtvqtMCH3fVxWKQv8md</subfield>
    </datafield>
    <datafield tag="700" ind1="1" ind2=" ">
      <subfield code="a">Eber, Paul,</subfield>
      <subfield code="d">1511-1569,</subfield>
      <subfield code="e">author.</subfield>
      <subfield code="4">aut</subfield>
      <subfield code="1">https://id.oclc.org/worldcat/entity/E39PBJkHpd34MD4wwYVJQJPbBP</subfield>
    </datafield>
    <datafield tag="700" ind1="1" ind2=" ">
      <subfield code="a">Stolberg, Ludwig von,</subfield>
      <subfield code="d">1505-1574,</subfield>
      <subfield code="e">dedicatee.</subfield>
      <subfield code="4">dte</subfield>
    </datafield>
    <datafield tag="700" ind1="1" ind2=" ">
      <subfield code="a">Henricus, Nicolaus,</subfield>
      <subfield code="d">active 1557-1597,</subfield>
      <subfield code="e">printer,</subfield>
      <subfield code="e">dedicator.</subfield>
      <subfield code="4">prt</subfield>
      <subfield code="4">dto</subfield>
      <subfield code="1">https://id.oclc.org/worldcat/entity/E39PCjGHMmtXQwMvMb79wGBKFq</subfield>
    </datafield>
    <datafield tag="752" ind1=" " ind2=" ">
      <subfield code="a">Germany</subfield>
      <subfield code="d">Oberursel,</subfield>
      <subfield code="e">publication place.</subfield>
      <subfield code="4">pup</subfield>
    </datafield>
    <datafield tag="936" ind1=" " ind2=" ">
      <subfield code="a">BATCHLOAD</subfield>
    </datafield>
  </record>